Estrategias de la contención : (Record no. 2042)

000 -CABECERA
fixed length control field 00982nam a22002417a 4500
003 - IDENTIFICADOR DEL NÚMERO DE CONTROL
control field AR-CdUCM
008 - DATOS DE LONGITUD FIJA--INFORMACIÓN GENERAL
fixed length control field 190228b ||||| |||| 00| 0 spa d
020 ## - NÚMERO INTERNACIONAL ESTÁNDAR DEL LIBRO
ISBN 9506940444
040 ## - FUENTE DE LA CATALOGACIÓN
Agencia/entidad que catalogó originalmente la obra MUNICIPALIDAD PROVINCIAL DEL CUSCO
Entidad que transcribió la catalogación BIBLIOTECA MUNICIPAL DEL CUSCO
082 ## - NÚMERO DE LA CLASIFICACIÓN DECIMAL DEWEY
No. de Clasificación 327.73 /
Notacion interna G13
100 ## - ENTRADA PRINCIPAL--NOMBRE DE PERSONA
Nombre Personal Gaddis, Jlohn Lewis
245 ## - MENCIÓN DE TÍTULO
Título Estrategias de la contención :
Resto del título una evaluación crítica de la política de seguridad norteamericana de posguerra /
260 ## - PUBLICACIÓN, DISTRIBUCIÓN, ETC.
Lugar de publicación, distribución, etc. Buenos Aires :
Nombre de la editorial, distribuidor, etc. Gel ,
Fecha de publicación, distribución, etc. 1989.
300 ## - DESCRIPCIÓN FÍSICA
Nº de Páginas Extensión 448 páginas ;
Dimensiones 22 cm.
440 ## - MENCIÓN DE SERIE/PUNTO DE ACCESO ADICIONAL--TÍTULO
Título Estudios internacionales
9 (RLIN) 5058
505 ## - NOTA DE CONTENIDO CON FORMATO
Nota de contenido formateada La contención antes de Kennan -- George F. Kennan y la estrategia de la contención -- Implemento de contención -- La guerra de Corea...
650 ## - PUNTO DE ACCESO ADICIONAL DE MATERIA--TÉRMINO DE MATERIA
Descriptor La guerra de Corea.
9 (RLIN) 7402
650 ## - PUNTO DE ACCESO ADICIONAL DE MATERIA--TÉRMINO DE MATERIA
Descriptor Vietnam.
9 (RLIN) 1498
650 ## - PUNTO DE ACCESO ADICIONAL DE MATERIA--TÉRMINO DE MATERIA
Descriptor Contención.
9 (RLIN) 7403
942 ## - ELEMENTOS DE PUNTO DE ACCESO ADICIONAL (KOHA)
Fuente de clasificación
Tipo de item Libros-BMC
945 ## - PROCESAMIENTO DE INFORMACIÓN LOCAL (OCLC)
Catalogador wfj
AAAA-MM-DD - Fecha de ingreso o modificacion 2019-02-28
Holdings
Estado de retiro (separado) Fuente de clasificación o esquema de estanterías Estado dañado Ubicación Sala donde se ubica Nombre de la colección Fecha de adquisición o compra Costo, precio normal en soles Signatura topográfica Código de Barras Última vez visto (Koha) Tipo de ítem (Koha) Número de Ejemplar
No     Sala Humanidades Sala Humanidades Book Cart 2019-02-28 50.00 327.73 / G13 SH0000002205 2019-02-28 Libros-BMC  
No     Sala Humanidades Sala Humanidades Book Cart 2019-02-28 50.00 327.73 / G13 /e.2 SH0000002206 2019-02-28 Libros-BMC 2ej.

Powered by Koha